LIBRARY & INFORMATION CENTRE, KCAET, TAVANUR

ONLINE PUBLIC ACCESS CATALOGUE (OPAC)

Kautilya Arthasastra / (Record no. 334)

MARC details
000 -LEADER
fixed length control field 00460cam a2200181ua 4500
041 ## - LANGUAGE CODE
Language code of text/sound track or separate title mal
082 ## - DEWEY DECIMAL CLASSIFICATION NUMBER
Classification number 320.01
Item number RAM/KA
100 ## - MAIN ENTRY--AUTHOR NAME
Personal name Ramaswami, Sastri .
245 00 - TITLE STATEMENT
Title Kautilya Arthasastra /
250 ## - EDITION STATEMENT
Edition statement 1 /
260 ## - PUBLICATION, DISTRIBUTION, ETC. (IMPRINT)
Place of publication Thiruvananthapuram :
Name of publisher University of Travancore ,
Year of publication 1945.
300 ## - PHYSICAL DESCRIPTION
Number of Pages 119 ; .
942 ## - ADDED ENTRY ELEMENTS (KOHA)
Koha item type Books
Holdings
Withdrawn status Lost status Damaged status Home library Current library Date acquired Full call number Accession Number Koha item type
Withdrawn     KAUAET Malayalam University 07/04/2012 320.01 9489 Books
free website counter